000 00754cam a2200229 4500
008 090401t1995 xxu||||| |||| 00| 0 eng d
020 _a0113217668
035 _a(Sirsi) u94285
041 _aeng
110 _aNHS Estates
_92893
245 _aGuide to the JCT Standard Form of Building Contract 1980 edition local authorities (as amended).
260 _aLondon
_bHMSO
_c1995
300 _a150p. ; 30cm.
350 _a0
520 _aForms part of Concode set of documents and FILED in Concode Volume 1.
650 _aBUILT ENVIRONMENT-BUILDING CONTRACT FORMS
650 _aJCT STANDARD FORM OF CONTRACT 1980
650 _aNATIONAL HEALTH SERVICE
690 _aBUILT ENVIRONMENT-BUILDING CONTRACT FORMS
942 _n0
948 _c04/03/1997
999 _c97969
_d97969